México y el orden internacional
Enregistré dans:
| Auteur principal: | |
|---|---|
| Format: | Livre |
| Langue: | espagnol |
| Publié: |
Ciudad de México
El Colegio de México
1956
|
| Sujets: | |
| Tags: |
Ajouter un tag
Pas de tags, Soyez le premier à ajouter un tag!
|
MARC
| LEADER | 00000nam a2200000 a 4500 | ||
|---|---|---|---|
| 001 | UCT9443 | ||
| 003 | CL-VaPUC | ||
| 008 | 970404e19560000MX |||||||||||||||||spa|d | ||
| 082 | 0 | 4 | |a 341.237 |b CAS |2 21 |
| 100 | |a Castañeda, Jorge G |e author |9 327988 | ||
| 245 | 1 | 0 | |a México y el orden internacional |
| 300 | |a 245 p | ||
| 942 | |c BK | ||
| 945 | |d 19970404 00:00:00 |a paguirre | ||
| 260 | |a Ciudad de México |b El Colegio de México |c 1956 | ||
| 600 | 0 | 7 | |a ORGANIZACION DE LAS NACIONES UNIDAS |2 CL-VaPUC |9 382129 |
| 650 | 0 | |a Organizaciones internacionales |9 329196 | |
| 650 | 0 | |a Relaciones Internacionales |9 255740 | |
| 650 | 7 | |a ESTADOS MIEMBROS |2 CL-VaPUC |9 377660 | |
| 650 | 0 | |a Tratados internacionales |9 256056 | |
| 651 | 0 | |a México |9 255269 | |
| 583 | |a last modification |c 19970404 00:00:00 |k Rodrigo Vera | ||
| 999 | |c 257844 |d 257842 | ||
| 952 | |0 0 |1 0 |4 0 |6 341_237000000000000_CAS_1956 |7 0 |8 A |9 281524 |a BIBDER |b BIBDER |d 2019-11-19 |i 1824996 |o 341.237 CAS 1956 |p 1824996 |r 2023-01-25 |w 2019-11-19 |y BK |k DER | ||